| 000 | 01061nas a2200301 4500 | ||
|---|---|---|---|
| 001 | BR2011004991 | ||
| 003 | BR-BrBNA | ||
| 005 | 20231205115553.0 | ||
| 007 | ta | ||
| 008 | 230509b bl.|||p| |||| 00| 00por d | ||
| 040 |
_aBR-BrBNA _bpor _cBiblioteca Nacional de Agricultura |
||
| 041 | _a(Pt) | ||
| 072 | _aF70 | ||
| 100 | 1 | _aVital, M.T.A.B. | |
| 100 | 1 | _aSantos, F. de A.R. dos | |
| 100 | 1 | _aAlves, M. | |
| 245 | 1 | _aDiversidade palinológica das convolvulaceae do Parque Nacional do Catimbau, Buíque, PE, Brasil | |
| 246 | 1 | _aPollen diversity of Convolvulaceae at Catimbau National Park, Buíque, Pernambuco State, Brazil | |
| 650 | _aCONVOLVULACEAE | ||
| 650 | _aCAATINGA | ||
| 650 | _aVEGETAÇÃO | ||
| 650 | _aPARQUE NACIONAL | ||
| 650 | _aTAXONOMIA VEGETAL | ||
| 773 | 0 |
_tActa Botanica Brasilica (Brazil) _xISSN 0102-3306 _g(Oct-Dec 2008), v. 22(4) p. 1163-1171 _wBR2011004991 |
|
| 856 | 4 |
_uhttp://www.scielo.br/pdf/abb/v22n4/a27v22n4.pdf _yRecurso eletrônico (PDF) |
|
| 909 |
_a202311 _bLúcia _c55 _dLúcia Elande |
||
| 942 |
_2AGRIS _n0 _cANA |
||
| 999 |
_c214509 _d214509 |
||